Let's Make Shakespeare Appear! Quiz Stats

 Plays Quiz Updated Jun 21, 2018

Challenge
Share
Tweet
Score 0/38 Timer 10:00
1 Play Today
% Correct
Romeo and Juliet
94.2%
Hamlet
92.2%
Macbeth
88.1%
Othello
85.6%
A Midsummer Night's Dream
83%
King Lear
80.7%
Henry V
80.1%
Richard II
74.3%
Henry VI, Part 1
74%
Henry VI, Part 2
74%
Henry VI, Part 3
74%
The Tempest
72.4%
Julius Caesar
70.4%
The Merchant of Venice
70.1%
Richard III
69.4%
Henry IV, Part 1
68.6%
Henry IV, Part 2
68.6%
The Taming of the Shrew
68.4%
Antony and Cleopatra
66.5%
% Correct
Henry VIII
63.5%
Twelfth Night
61.7%
Much Ado About Nothing
59.8%
The Merry Wives of Windsor
58.7%
As You Like It
58.3%
Two Gentlemen of Verona
56.1%
All's Well That Ends Well
54.6%
Titus Andronicus
53.2%
King John
51.3%
Coriolanus
48.8%
Love's Labour's Lost
48.5%
The Winter's Tale
48.2%
Troilus and Cressida
45.5%
Timon of Athens
41.7%
The Comedy of Errors
41.3%
Measure for Measure
39.4%
Cymbeline
39.1%
Pericles, Prince of Tyre
36.5%
The Two Noble Kinsmen
23.2%

You're not logged in!

Compare scores with friends on all Sporcle quizzes.
OR
Log In

You Might Also Like...

Show Comments

Extras

Top Quizzes Today


Score Distribution

Your Account Isn't Verified!

In order to create a playlist on Sporcle, you need to verify the email address you used during registration. Go to your Sporcle Settings to finish the process.

Report this User

Report this user for behavior that violates our Community Guidelines.

Details: